01249nam a2200205 a 4500008004100000020001800041050001600059100001800075245002800093260003200121300003900153350000900192650003900201995015500240995015500395995015500550995016400705995015700869999001701026081126s2009 ||||||||||||||||| || u a9780073025544 aQD 33.2 Bur aBurdge, Julia10aChemistrycJulia Burdge aNew YorkbMcGraw-Hillc2009 axxxv, 963p., variant pagings: ill. a0.00 0aCHEMISTRY--HANDBOOKS, MANUALS, ETC aBINDERY (DAMAGED)D0.00e738859FCBU-MAIN LIBRARY (Kitwe)H1I0.00jQD 33.2 BURM5UDAMAGEDWNov 26, 2008y738859ZMain Library Open Access Collection aBINDERY (DAMAGED)D0.00e738856FCBU-MAIN LIBRARY (Kitwe)H1I0.00jQD 33.2 BURM2UDAMAGEDWNov 26, 2008y738856ZMain Library Open Access Collection aBINDERY (DAMAGED)D0.00e738857FCBU-MAIN LIBRARY (Kitwe)H1I0.00jQD 33.2 BURM3UDAMAGEDWNov 26, 2008y738857ZMain Library Open Access Collection aMAIN LIBRARY OPEN ACCESSD0.00e738858FCBU-MAIN LIBRARY (Kitwe)H1I0.00jQD 33.2 BURM4UAVAILABLEWNov 26, 2008y738858ZMain Library Open Access Collection aBINDERY (DAMAGED)D0.00e738855FCBU-MAIN LIBRARY (Kitwe)H1I0.00jQD 33.2 BURM1UAVAILABLEWNov 26, 2008y738855ZMain Library Open Access Collection c79305d79305